Champions League Real Madrid #2 - Estadísticas

Estadísticas generales
  • Esta prueba ha sido intentada 240 veces
  • La puntuación promedio es 9 de 10
Estadísticas de respuestas
# Partidos Respuesta Nacionalidad % Correcto
5 129 Luka Modric CROACIA
100%
9 101 Cristiano Ronaldo PORTUGAL
98%
6 110 Toni Kroos ALEMANIA
98%
1 150 Iker Casillas ESPAÑA
93%
2 133 Karim Benzema FRANCIA
93%
4 129 Sergio Ramos ESPAÑA
93%
3 130 Raul ESPAÑA
92%
8 102 Marcelo BRASIL
90%
7 107 Roberto Carlos BRASIL
80%
10 97 Guti ESPAÑA
52%
No se encontraron pruebas coincidentes
Distribución de puntuación
Porcentaje de gente con cada puntuación
Porcentaje por número respondido
Historial de tus puntuaciones
No has intentado esta prueba.